[Event "Int.Vellmar 9th op B"]
[Site "Vellmar"]
[Date "2017.07.15"]
[Round "4.16"]
[White "Mastmeyer, Lars Quentin"]
[Black "Schulze, Lukas"]
[Result "0-1"]
[WhiteElo "1724"]
[BlackElo "1439"]
[PlyCount "50"]
[EventDate "2017.07.13"]
[EventType "swiss"]
[EventRounds "7"]
[EventCountry "GER"]

1. d4 Nf6 2. c4 c5 3. d5 b5 4. Nc3 bxc4 5. e4 Qa5 6. Qc2 Ba6 7. Be2 g6 8. Be3
Bg7 9. f3 O-O 10. h4 Qc7 11. g4 h5 12. Nh3 Qg3+ 13. Kd2 Qc7 14. Bf4 Qa5 15. Ng5
d6 16. Rag1 Nbd7 17. Nh3 Ne5 18. Nf2 Rab8 19. Kc1 Qb6 20. Na4 Qa5 21. Bxe5 dxe5
22. Bxc4 Bxc4 23. Nxc5 Qxc5 24. b3 Qe3+ 25. Qd2 Bh6 0-1

[Event "Int.Vellmar 9th op B"]
[Site "Vellmar"]
[Date "2017.07.15"]
[Round "4.17"]
[White "Schloemer, Andreas"]
[Black "Maar, Felicitas"]
[Result "1-0"]
[WhiteElo "1716"]
[BlackElo "1461"]
[PlyCount "45"]
[EventDate "2017.07.13"]
[EventType "swiss"]
[EventRounds "7"]
[EventCountry "GER"]

1. c4 Nf6 2. g3 g6 3. Bg2 Bg7 4. e4 O-O 5. Ne2 d6 6. O-O e5 7. d3 c5 8. Nbc3
Nc6 9. Rb1 a6 10. a3 b6 11. h3 Be6 12. Kh2 Nd7 13. f4 Nf6 14. f5 Bd7 15. Bd2
Ne7 16. Qc1 Re8 17. Bg5 Bc6 18. g4 Bh8 19. Ng3 b5 20. fxg6 Nxg6 21. Nh5 Rf8 22.
Nxf6+ Bxf6 23. Bxf6 1-0

[Event "Int.Vellmar 9th op B"]
[Site "Vellmar"]
[Date "2017.07.15"]
[Round "4.18"]
[White "Hoke, Joshua Sky"]
[Black "Homann, Christoph"]
[Result "1-0"]
[WhiteElo "1500"]
[BlackElo "1699"]
[PlyCount "69"]
[EventDate "2017.07.13"]
[EventType "swiss"]
[EventRounds "7"]
[EventCountry "GER"]

1. e4 e5 2. Nf3 Nf6 3. Nxe5 d6 4. Nf3 Nxe4 5. d4 d5 6. Bd3 Bd6 7. O-O O-O 8. h3
Re8 9. Re1 b6 10. c4 c6 11. Nc3 Nxc3 12. bxc3 Bb7 13. Bd2 Nd7 14. Qc2 h6 15.
cxd5 cxd5 16. c4 Rxe1+ 17. Rxe1 Rc8 18. Qb3 Nf6 19. a4 Qc7 20. Rc1 Ba6 21. c5
Bxd3 22. cxd6 Qxc1+ 23. Bxc1 Rxc1+ 24. Kh2 Bc4 25. Qe3 Rc2 26. Ne5 Re2 27. Qa3
b5 28. d7 Nxd7 29. Nxd7 bxa4 30. Qxa4 Rxf2 31. Qxa7 Ra2 32. Qb8+ Kh7 33. Qe5
Re2 34. Qf5+ Kg8 35. Ne5 1-0

[Event "Int.Vellmar 9th op B"]
[Site "Vellmar"]
[Date "2017.07.15"]
[Round "4.19"]
[White "Moderow, Ramon"]
[Black "Schaefer, Gerhard"]
[Result "1/2-1/2"]
[WhiteElo "1421"]
[BlackElo "1695"]
[PlyCount "92"]
[EventDate "2017.07.13"]
[EventType "swiss"]
[EventRounds "7"]
[EventCountry "GER"]

1. e4 c5 2. Nf3 e6 3. d4 cxd4 4. Nxd4 a6 5. Nc3 Qc7 6. a3 d6 7. f3 Ne7 8. Be3
Bd7 9. Qd2 Nbc6 10. O-O-O Nxd4 11. Bxd4 Nc6 12. Bf2 Na7 13. Bg3 Nc8 14. Qd4 e5
15. Qd3 Nb6 16. Nd5 Nxd5 17. Qxd5 Be6 18. Qd3 Rc8 19. Rd2 Be7 20. f4 O-O 21. h4
f5 22. fxe5 dxe5 23. exf5 Bxf5 24. Qb3+ Kh8 25. Bd3 Bg4 26. Be2 Bf5 27. Bd3 g6
28. Re1 Bf6 29. Bxf5 gxf5 30. Qe6 f4 31. Bf2 Qc6 32. Qxc6 Rxc6 33. Rd7 Rfc8 34.
c3 R8c7 35. Red1 e4 36. g4 h6 37. Bd4 Bxd4 38. Rd8+ Kg7 39. R8xd4 Re6 40. Kd2
Kg6 41. Rd8 b5 42. Rf8 Rf7 43. Rxf7 Kxf7 44. Rf1 Rf6 45. Re1 Re6 46. Rf1 Rf6
1/2-1/2

[Event "Int.Vellmar 9th op B"]
[Site "Vellmar"]
[Date "2017.07.15"]
[Round "4.20"]
[White "Warter, Simon"]
[Black "Ziegenfuss, Larissa"]
[Result "0-1"]
[WhiteElo "1357"]
[BlackElo "1673"]
[PlyCount "54"]
[EventDate "2017.07.13"]
[EventType "swiss"]
[EventRounds "7"]
[EventCountry "GER"]

1. e4 c5 2. Nf3 e6 3. d4 cxd4 4. Nxd4 Nc6 5. Bb5 Qc7 6. Nxc6 bxc6 7. Bd3 Nf6 8.
O-O Bc5 9. Qf3 O-O 10. Bg5 Bd4 11. c3 Be5 12. g3 d5 13. Qe2 dxe4 14. Bxe4 Nxe4
15. Qxe4 f5 16. Qh4 f4 17. Be7 Rf7 18. Bc5 fxg3 19. hxg3 Ba6 20. Re1 Bd6 21.
Bxd6 Qxd6 22. Qe4 Re8 23. Qe5 Qd3 24. Qe4 Qd7 25. Qd4 Qe7 26. Nd2 Rd8 27. Qe3
Rd3 0-1

[Event "Int.Vellmar 9th op B"]
[Site "Vellmar"]
[Date "2017.07.15"]
[Round "4.24"]
[White "Kroemer, Alexander"]
[Black "Wuestehube, Harry"]
[Result "0-1"]
[WhiteElo "1566"]
[BlackElo "1925"]
[PlyCount "87"]
[EventDate "2017.07.13"]
[EventType "swiss"]
[EventRounds "7"]
[EventCountry "GER"]

1. e4 d6 2. d4 Nf6 3. Nc3 g6 4. Bf4 Bg7 5. Nf3 a6 6. a4 O-O 7. Bc4 b6 8. O-O
Bb7 9. d5 Nbd7 10. Re1 Ng4 11. Qd2 Re8 12. Nd4 Nge5 13. Bb3 c5 14. dxc6 Nxc6
15. Nxc6 Bxc6 16. Re3 Nc5 17. Rae1 Nxb3 18. cxb3 e5 19. Bg3 Bh6 20. f4 Qc7 21.
Nd5 Bxd5 22. exd5 Rac8 23. Rc3 Qb7 24. Rxc8 Rxc8 25. Qb4 exf4 26. Bxf4 Bxf4 27.
Qxf4 Qxd5 28. Qe3 Qc5 29. Qxc5 bxc5 30. Rd1 Rd8 31. Kf2 Kg7 32. Ke3 Kf6 33. Kd3
Ke6 34. Re1+ Kd7 35. Kc4 Rb8 36. Re3 Rb4+ 37. Kc3 Rf4 38. Rf3 Rxf3+ 39. gxf3 a5
40. Kd3 d5 41. h4 Ke6 42. Ke3 Ke5 43. f4+ Kf5 44. Kf3 0-1

[Event "Int.Vellmar 9th op B"]
[Site "Vellmar"]
[Date "2017.07.15"]
[Round "4.25"]
[White "Tschepanski, Helmut"]
[Black "Thiel, Moritz"]
[Result "0-1"]
[WhiteElo "1539"]
[BlackElo "1785"]
[PlyCount "64"]
[EventDate "2017.07.13"]
[EventType "swiss"]
[EventRounds "7"]
[EventCountry "GER"]

1. d4 d5 2. e3 Bf5 3. f4 e6 4. Nf3 Nf6 5. Bd3 Bxd3 6. Qxd3 a6 7. Nbd2 c5 8. c3
cxd4 9. exd4 Bd6 10. Ne5 Nfd7 11. Ndf3 f6 12. Nxd7 Nxd7 13. Bd2 b5 14. O-O O-O
15. f5 exf5 16. Qxf5 Nb6 17. Qe6+ Kh8 18. Qh3 Qc8 19. Qh5 Qe8 20. Qh3 Qf7 21.
Ng5 Qg6 22. Ne6 Rfe8 23. Rae1 Re7 24. Nf4 Bxf4 25. Bxf4 Rae8 26. Rxe7 Rxe7 27.
Bd6 Re8 28. Qf3 Qc2 29. Bc5 Nc4 30. Qxd5 Nd2 31. Qf7 Qe4 32. Ra1 Qe3+ 0-1

[Event "Int.Vellmar 9th op B"]
[Site "Vellmar"]
[Date "2017.07.15"]
[Round "4.26"]
[White "Mahr, Gero"]
[Black "Kotliarevski, Dennis"]
[Result "1-0"]
[WhiteElo "1739"]
[BlackElo "1568"]
[PlyCount "47"]
[EventDate "2017.07.13"]
[EventType "swiss"]
[EventRounds "7"]
[EventCountry "GER"]

1. e4 c5 2. Nf3 d6 3. d4 cxd4 4. Nxd4 Nf6 5. Nc3 g6 6. Be3 Bg7 7. Qd2 O-O 8.
O-O-O Ng4 9. Bg5 Nc6 10. Nxc6 bxc6 11. f3 Ne5 12. h4 h5 13. Be2 Rb8 14. g4 hxg4
15. fxg4 Bxg4 16. Bxg4 Nxg4 17. Rdg1 Ne5 18. h5 Rxb2 19. h6 Nf3 20. Qe3 Nxg1
21. hxg7 Kxg7 22. Bh6+ Kg8 23. Bxf8 Qb6 24. Rh8+ 1-0

[Event "Int.Vellmar 9th op B"]
[Site "Vellmar"]
[Date "2017.07.15"]
[Round "4.28"]
[White "Mann, Moritz"]
[Black "Kaeding, Wolfgang"]
[Result "1/2-1/2"]
[WhiteElo "1692"]
[BlackElo "1527"]
[PlyCount "35"]
[EventDate "2017.07.13"]
[EventType "swiss"]
[EventRounds "7"]
[EventCountry "GER"]

1. e4 e5 2. Nc3 Nc6 3. Nf3 Nf6 4. d4 exd4 5. Nxd4 Be7 6. Bf4 Nxd4 7. Qxd4 d6 8.
O-O-O O-O 9. Qe3 Qe8 10. Nb5 Qc6 11. f3 Be6 12. Nc3 a6 13. Nd5 Bxd5 14. exd5
Nxd5 15. Rxd5 Qxd5 16. Qxe7 Rfe8 17. Qh4 Qxa2 18. Bg3 1/2-1/2

[Event "Int.Vellmar 9th op B"]
[Site "Vellmar"]
[Date "2017.07.15"]
[Round "4.30"]
[White "Hahnenstein, Leon"]
[Black "Seelemann, Thomas"]
[Result "1-0"]
[WhiteElo "1401"]
[BlackElo "1656"]
[PlyCount "77"]
[EventDate "2017.07.13"]
[EventType "swiss"]
[EventRounds "7"]
[EventCountry "GER"]

1. e4 c5 2. Bc4 e6 3. d3 a6 4. Bf4 Nc6 5. c3 d6 6. Nf3 Nf6 7. O-O Be7 8. Nbd2
O-O 9. Re1 d5 10. exd5 exd5 11. Bb3 Bd6 12. Bg5 Be6 13. c4 Be7 14. Ne5 Nd4 15.
Ndf3 Nxb3 16. Qxb3 Rb8 17. Qc2 h6 18. Bf4 Nh5 19. Be3 {Remis Angebot} d4 20.
Bd2 Bd6 21. Re2 Qc7 22. Rae1 Nf6 23. h3 b5 24. b3 Bf5 25. Kf1 {Remis Angebot}
Rfe8 26. Kg1 Re6 27. Bf4 Rbe8 28. Bh2 {Remis Angebot} Bh7 29. Bf4 Nh5 30. Bh2
f6 31. Ng4 Bxh2+ 32. Ngxh2 Qd7 33. Rxe6 Rxe6 34. Rxe6 Qxe6 35. cxb5 axb5 36.
Qxc5 Bxd3 37. Qxh5 Qe2 38. Ng4 f5 39. Nge5 1-0

[Event "Int.Vellmar 9th op B"]
[Site "Vellmar"]
[Date "2017.07.15"]
[Round "4.31"]
[White "Rapp, Lukas"]
[Black "Rapp, Leonard"]
[Result "1-0"]
[WhiteElo "1652"]
[BlackElo "1479"]
[PlyCount "133"]
[EventDate "2017.07.13"]
[EventType "swiss"]
[EventRounds "7"]
[EventCountry "GER"]

1. d4 Nf6 2. g3 d5 3. Bg2 e6 4. e3 c6 5. Ne2 Bd6 6. O-O Nbd7 7. b3 b5 8. Nd2
Nf8 9. c4 a6 10. Bb2 Ng6 11. c5 Bc7 12. b4 O-O 13. a4 Bb7 14. Qc2 Qd7 15. e4 h6
16. e5 Nh7 17. f4 f6 18. Qxg6 Qf7 19. Qc2 f5 20. axb5 axb5 21. Nb3 Rxa1 22.
Rxa1 Ra8 23. Na5 Bxa5 24. bxa5 Ba6 25. Nc3 Qb7 26. Ba3 Rb8 27. Bb4 g6 28. Nd1
Nf8 29. Ne3 Re8 30. g4 Qe7 31. Qf2 Nd7 32. Qg3 Kh7 33. Rf1 Rg8 34. Qh3 Nf8 35.
Rf3 Bc8 36. Kh1 Ba6 37. Rg3 Rg7 38. Bf1 Rg8 39. Bd3 Bb7 40. gxf5 exf5 41. Bxf5
gxf5 42. Rxg8 Kxg8 43. Nxf5 Qh7 44. Nxh6+ Kg7 45. Nf5+ Kg8 46. Qxh7+ Nxh7 47.
Nd6 Ba6 48. Kg2 Nf8 49. Kg3 Kg7 50. Kg4 Kg6 51. f5+ Kh6 52. Bd2+ Kg7 53. f6+
Kg6 54. h4 Kh7 55. Kf5 Kg8 56. f7+ Kh7 57. Kf6 Ng6 58. h5 Nf8 59. Ke7 b4 60.
Kxf8 b3 61. Ke7 b2 62. f8=Q b1=Q 63. Qh6+ Kg8 64. Qf8+ Kh7 65. Bh6 Qb7+ 66.
Nxb7 Bxb7 67. Qg7# 1-0

[Event "Int.Vellmar 9th op B"]
[Site "Vellmar"]
[Date "2017.07.15"]
[Round "4.32"]
[White "Krausse, Vanessa"]
[Black "Pomrehn, Ole Magnus"]
[Result "1/2-1/2"]
[WhiteElo "1619"]
[BlackElo "1472"]
[PlyCount "63"]
[EventDate "2017.07.13"]
[EventType "swiss"]
[EventRounds "7"]
[EventCountry "GER"]

1. e4 d5 2. exd5 Qxd5 3. Nc3 Qa5 4. Nf3 Bg4 5. Be2 Nf6 6. O-O c6 7. d4 e6 8.
Bg5 Nbd7 9. Ne5 Bxe2 10. Qxe2 Qc7 11. Ne4 Nxe4 12. Qxe4 Nxe5 13. dxe5 Be7 14.
Bxe7 Qxe7 15. Rad1 Rd8 16. a3 O-O 17. h4 h6 18. Rde1 Rd2 19. Re3 Rfd8 20. Rh3
R2d4 21. Qe3 a6 22. f4 R8d7 23. g4 g6 24. Kh1 Rd8 {Remis Angbot} 25. h5 g5 26.
fxg5 Qxg5 27. Qxg5+ hxg5 28. Rg1 R8d5 29. Re3 Rd2 30. c4 R5d4 31. h6 Rf4 32. b3
1/2-1/2

[Event "Int.Vellmar 9th op B"]
[Site "Vellmar"]
[Date "2017.07.15"]
[Round "4.33"]
[White "Walkiewicz, Danny"]
[Black "Skopp, Jonathan"]
[Result "1-0"]
[WhiteElo "1605"]
[BlackElo "1178"]
[PlyCount "89"]
[EventDate "2017.07.13"]
[EventType "swiss"]
[EventRounds "7"]
[EventCountry "GER"]

1. e4 d5 2. exd5 Qxd5 3. Nc3 Qa5 4. d4 c6 5. Nf3 Bg4 6. Be2 e6 7. Bf4 Bb4 8.
Bd2 Nf6 9. a3 Bd6 10. Ne4 Qd8 11. Nxd6+ Qxd6 12. c3 Nbd7 13. O-O O-O 14. Bg5
Ne4 15. Bh4 Ndf6 16. Re1 Qf4 17. Qd3 Bf5 18. Qd1 Bg4 19. Bxf6 Nxf6 20. h3 Bf5
21. Bd3 Bxd3 22. Qxd3 Rad8 23. Qc2 Rfe8 24. Rad1 h6 25. Re2 Re7 26. Rde1 Red7
27. Qa4 b5 28. Qa6 Qc7 29. Ne5 Rd6 30. a4 bxa4 31. Qxa4 Nd7 32. Ra1 Nxe5 33.
Rxe5 R6d7 34. Ra5 Ra8 35. Ra6 Rd6 36. Rxa7 Rxa7 37. Qxa7 Qxa7 38. Rxa7 Kf8 39.
Kf1 Ke8 40. Rc7 g6 41. Ke2 h5 42. Ke3 Kf8 43. Ke4 f6 44. c4 Ke8 45. c5 1-0

[Event "Int.Vellmar 9th op B"]
[Site "Vellmar"]
[Date "2017.07.15"]
[Round "4.35"]
[White "Mihailovic, Slobodan"]
[Black "Mittmann, Volker"]
[Result "1/2-1/2"]
[WhiteElo "1271"]
[BlackElo "1851"]
[PlyCount "74"]
[EventDate "2017.07.13"]
[EventType "swiss"]
[EventRounds "7"]
[EventCountry "GER"]

1. e4 c5 2. Nf3 d6 3. Bc4 e6 4. c3 a6 5. a3 b5 6. Ba2 Bb7 7. d3 Be7 8. O-O Nc6
9. Be3 Bf6 10. d4 cxd4 11. cxd4 e5 12. d5 Nce7 13. Qd2 h6 14. Nc3 Ng6 15. Ne2
Nh4 16. Nxh4 Bxh4 17. Ng3 Nf6 18. f3 Bxg3 19. hxg3 g5 20. Kf2 Ke7 21. Rh1 Rc8
22. Rac1 Rxc1 23. Qxc1 Nd7 24. Bb3 f6 25. Qc3 Nb6 26. Rc1 Na8 27. a4 Qd7 28.
Qa5 Rc8 29. Rxc8 Bxc8 30. axb5 Qxb5 31. Qxb5 axb5 32. Bc2 Kf7 33. Bd2 Nb6 34.
b3 Bd7 35. Ba5 Nc8 36. g4 Kg6 37. Bd8 Kf7 1/2-1/2

[Event "Int.Vellmar 9th op B"]
[Site "Vellmar"]
[Date "2017.07.15"]
[Round "4.36"]
[White "Michels, Fabio"]
[Black "Engel, Markus"]
[Result "1-0"]
[WhiteElo "1787"]
[BlackElo "1530"]
[PlyCount "85"]
[EventDate "2017.07.13"]
[EventType "swiss"]
[EventRounds "7"]
[EventCountry "GER"]

1. c4 Nf6 2. g3 g6 3. Bg2 Bg7 4. Nc3 c6 5. d3 d6 6. e4 e5 7. Nge2 O-O 8. O-O
Bg4 9. h3 Bxe2 10. Qxe2 Nbd7 11. f4 Nh5 12. Qf3 exf4 13. Bxf4 Nxf4 14. Qxf4
Qb6+ 15. Kh1 Be5 16. Qf2 Qxf2 17. Rxf2 Bxg3 18. Rc2 Ne5 19. Ne2 Bh4 20. d4 Nd3
21. a3 f5 22. Nc3 f4 23. Rf1 Bg3 24. Rd2 Ne1 25. Bf3 Nxf3 26. Rxf3 Rae8 27. Kg2
g5 28. b4 h5 29. Rf1 g4 30. hxg4 hxg4 31. Rh1 Re6 32. d5 Ref6 33. dxc6 bxc6 34.
b5 cxb5 35. Nxb5 R8f7 36. Nxd6 Rd7 37. c5 Rc7 38. Ne8 Rcf7 39. Nxf6+ Rxf6 40.
e5 Re6 41. Rd8+ Kg7 42. Rd7+ Kg6 43. Rd6 1-0

[Event "Int.Vellmar 9th op B"]
[Site "Vellmar"]
[Date "2017.07.15"]
[Round "4.38"]
[White "Brahn, Helmut"]
[Black "Tiggemann, Felix"]
[Result "1/2-1/2"]
[WhiteElo "1698"]
[BlackElo "1502"]
[PlyCount "48"]
[EventDate "2017.07.13"]
[EventType "swiss"]
[EventRounds "7"]
[EventCountry "GER"]

1. c4 e6 2. a3 d5 3. cxd5 exd5 4. e3 Nf6 5. d3 c5 6. h3 Nc6 7. Nf3 Bd6 8. Be2
O-O 9. O-O Re8 10. Re1 Nh5 11. Nbd2 f5 12. b3 Nf6 13. Bb2 Bd7 14. Rc1 Re6 15.
Qc2 Qf8 16. d4 b6 17. dxc5 bxc5 18. Bd3 Ne4 19. Nc4 Be7 20. Nce5 Nxe5 21. Nxe5
Bc8 22. a4 Bf6 23. Nf3 Be7 24. Red1 Bb7 1/2-1/2

[Event "Int.Vellmar 9th op B"]
[Site "Vellmar"]
[Date "2017.07.15"]
[Round "4.39"]
[White "Wolter, Kerstin"]
[Black "Schulz, Christian"]
[Result "0-1"]
[WhiteElo "1694"]
[BlackElo "1416"]
[PlyCount "80"]
[EventDate "2017.07.13"]
[EventType "swiss"]
[EventRounds "7"]
[EventCountry "GER"]

1. e4 e5 2. Nf3 Nc6 3. Bc4 Bc5 4. c3 d6 5. h3 a6 6. a3 Qe7 7. d3 Be6 8. Bb3
O-O-O 9. Bc2 Nf6 10. b4 Ba7 11. a4 Bd7 12. b5 Nb8 13. Nbd2 d5 14. Qe2 Rhe8 15.
Bb3 dxe4 16. dxe4 Qc5 17. c4 Qe7 18. O-O a5 19. Re1 Bc5 20. Bb2 Bd6 21. Rac1 b6
22. Nb1 Nh5 23. Nc3 Nf4 24. Qf1 g5 25. Nd5 Nxd5 26. cxd5 g4 27. hxg4 Bxg4 {
Remisangebot} 28. Rc3 h5 29. g3 Nd7 30. Rec1 Nc5 31. Nh4 Qd7 32. Ba3 Nxe4 33.
R3c2 Nc5 34. Qc4 e4 35. Rc3 f5 36. Bd1 Bxd1 37. Rxd1 f4 38. Bxc5 Bxc5 39. gxf4
Qg4+ 40. Ng2 Qxd1+ 0-1

[Event "Int.Vellmar 9th op B"]
[Site "Vellmar"]
[Date "2017.07.15"]
[Round "4.40"]
[White "Pabst, Olaf"]
[Black "Schmechtig, Lucas"]
[Result "1-0"]
[WhiteElo "1610"]
[BlackElo "1491"]
[PlyCount "119"]
[EventDate "2017.07.13"]
[EventType "swiss"]
[EventRounds "7"]
[EventCountry "GER"]

1. Nc3 c5 2. e4 d6 3. f4 g6 4. Nf3 Bg7 5. Bb5+ Bd7 6. Qe2 Qb6 7. Bxd7+ Nxd7 8.
Nd5 Qd8 9. c3 Ngf6 10. Nxf6+ Bxf6 11. O-O O-O 12. d3 Qc7 13. f5 Ne5 14. Nxe5
Bxe5 15. Bh6 Bg7 16. Qd2 Qb6 17. Rab1 Rac8 18. Rf3 Qc6 19. Rh3 f6 20. Bxg7 Kxg7
21. Qh6+ Kf7 22. Qxh7+ Ke8 23. fxg6 Kd7 24. g7 Rg8 25. Qf5+ Kc7 26. Rg3 Qe8 27.
Rf1 Qf7 28. Qg4 Qxa2 29. Qe2 Qf7 30. Qg4 Qa2 31. b4 Qb2 32. bxc5 dxc5 33. c4
Qd4+ 34. Kh1 Rcd8 35. h4 a5 36. h5 a4 37. h6 a3 38. h7 Rxg7 39. Qxg7 a2 40.
h8=Q a1=Q 41. Rxa1 Qxa1+ 42. Kh2 Qe5 43. Qhh7 Rd7 44. Qf5 Qd6 45. Qgg4 Rd8 46.
Qgf4 e5 47. Rg7+ Kb8 48. Qf3 Qa6 49. Qxf6 Rh8+ 50. Rh7 Rxh7+ 51. Kg1 Qa1+ 52.
Qf1 Qd4+ 53. Q6f2 Rf7 54. Qxd4 Rxf1+ 55. Kxf1 cxd4 56. Kf2 Kc7 57. Kg3 Kd7 58.
Kg4 Ke6 59. Kg5 Kf7 60. Kf5 1-0

[Event "Int.Vellmar 9th op B"]
[Site "Vellmar"]
[Date "2017.07.15"]
[Round "4.43"]
[White "Maar, Patricia"]
[Black "Benedikt, Alexander"]
[Result "0-1"]
[WhiteElo "1358"]
[BlackElo "1666"]
[PlyCount "124"]
[EventDate "2017.07.13"]
[EventType "swiss"]
[EventRounds "7"]
[EventCountry "GER"]

1. e4 e5 2. Nf3 d6 3. d4 exd4 4. Nxd4 Nf6 5. Nc3 Be7 6. Bc4 O-O 7. h3 h6 8. O-O
Bd7 9. Bf4 Nc6 10. Re1 Nh7 11. e5 dxe5 12. Bxe5 Nxe5 13. Rxe5 Bf6 14. Re3 Bxd4
15. Qxd4 Bc6 16. Rd1 Qxd4 17. Rxd4 Rae8 18. Re2 Nf6 19. Kf1 Rxe2 20. Nxe2 Re8
21. Nc3 a6 22. Nd5 Bxd5 23. Bxd5 c6 24. Bf3 Kf8 25. Rb4 Re7 26. c3 a5 27. Ra4
Re5 28. Bg4 Ke7 29. Bc8 b6 30. Rc4 Kd6 31. Bb7 c5 32. a4 Re7 33. Bf3 Nd7 34.
Re4 Ne5 35. b3 f5 36. Re3 g5 37. g3 f4 38. gxf4 gxf4 39. Re4 Nxf3 40. Rxf4 Nd2+
41. Kg2 Nxb3 42. Kg3 Ke5 43. Rh4 Re6 44. f4+ Kf5 45. Rh5+ Ke4 46. f5 Rf6 47.
Kg4 Nd2 48. Rh4 Ke5 49. Rh5 Ne4 50. h4 Nxc3 51. Kg3 Nxa4 52. Kg4 c4 53. Kg3 c3
54. Kg4 c2 55. Kg3 c1=Q 56. Kg4 Qd1+ 57. Kg3 Qxh5 58. Kh3 Qxf5+ 59. Kg3 Qf3+
60. Kh2 Qf2+ 61. Kh1 Qg3 62. h5 Rf1# 0-1

[Event "Int.Vellmar 9th op B"]
[Site "Vellmar"]
[Date "2017.07.15"]
[Round "4.44"]
[White "Thede, Stefan"]
[Black "Janovskij, Konstantin"]
[Result "1-0"]
[WhiteElo "1661"]
[BlackElo "1335"]
[PlyCount "83"]
[EventDate "2017.07.13"]
[EventType "swiss"]
[EventRounds "7"]
[EventCountry "GER"]

1. Nf3 d5 2. g3 Bf5 3. Bg2 Nf6 4. d3 Nc6 5. O-O e5 6. c3 Bd6 7. Bg5 h6 8. Be3
O-O 9. b4 a6 10. Bc5 Re8 11. Bxd6 Qxd6 12. Nbd2 Rad8 13. Nh4 Bh7 14. Qc2 b5 15.
Rad1 Qe7 16. e4 d4 17. a3 dxc3 18. Qxc3 Nd4 19. Rfe1 Rd7 20. Nhf3 Red8 21. Nxd4
exd4 22. Qc2 Bg6 23. Nb3 Bh5 24. Rc1 Bg6 25. Nc5 Rd6 26. e5 Rb6 27. exf6 Qxf6
28. Ne4 Bxe4 29. Rxe4 Rd7 30. Bh3 Re7 31. Rxe7 Qxe7 32. Qxc7 Qxc7 33. Rxc7 Rd6
34. Bf5 g6 35. Be4 Kg7 36. Rc6 Rxc6 37. Bxc6 Kf6 38. Bb7 Ke6 39. Bxa6 Kd6 40.
Bxb5 f6 41. Bc4 Kc6 42. a4 1-0

[Event "Int.Vellmar 9th op B"]
[Site "Vellmar"]
[Date "2017.07.15"]
[Round "4.45"]
[White "Barchfeld, Peter"]
[Black "Moderow, Manuel"]
[Result "1/2-1/2"]
[WhiteElo "1607"]
[BlackElo "1133"]
[PlyCount "57"]
[EventDate "2017.07.13"]
[EventType "swiss"]
[EventRounds "7"]
[EventCountry "GER"]

1. d4 Nf6 2. Bg5 e6 3. c4 d5 4. cxd5 exd5 5. Nc3 Bb4 6. Rc1 O-O 7. Nf3 c6 8. e3
Bf5 9. Be2 Nbd7 10. Nh4 Bg6 11. Nxg6 fxg6 12. O-O Qb6 13. Qb3 Bd6 14. Qxb6 Nxb6
15. b3 Rae8 16. Bxf6 Rxf6 17. Bd3 Ref8 18. Ne2 Nd7 19. Ng3 R6f7 20. Rb1 a5 21.
e4 Nb6 22. exd5 Bxg3 23. fxg3 Rxf1+ 24. Rxf1 Rxf1+ 25. Kxf1 Nxd5 26. Bc4 Kf7
27. Bxd5+ cxd5 28. Ke2 Ke6 29. Ke3 1/2-1/2

[Event "Int.Vellmar 9th op B"]
[Site "Vellmar"]
[Date "2017.07.15"]
[Round "4.49"]
[White "Pessotschinski, Eduard"]
[Black "Seeber, Helmut"]
[Result "0-1"]
[WhiteElo "1187"]
[BlackElo "1562"]
[PlyCount "62"]
[EventDate "2017.07.13"]
[EventType "swiss"]
[EventRounds "7"]
[EventCountry "GER"]

1. e4 e5 2. Nf3 Nc6 3. d4 exd4 4. Nxd4 Bc5 5. Be3 Qf6 6. c3 a6 7. Bc4 Nge7 8.
O-O Ba7 9. Nxc6 Nxc6 10. Bxa7 Rxa7 11. Re1 d6 12. Nd2 O-O 13. Nf3 Bg4 14. Be2
Re8 15. Qd3 Raa8 16. Nd4 Ne5 17. Qg3 Bd7 18. f4 Nc6 19. Nxc6 Bxc6 20. Bd3 Rad8
21. e5 dxe5 22. fxe5 Rxe5 23. Rxe5 Rxd3 24. Qxd3 Qxe5 25. Qd8+ Be8 26. Rd1 h6
27. Kf2 Kh7 28. Re1 Qf5+ 29. Kg1 Bc6 30. Qxc7 Qc5+ 31. Kf1 Bb5+ 0-1

[Event "Int.Vellmar 9th op B"]
[Site "Vellmar"]
[Date "2017.07.15"]
[Round "4.50"]
[White "Pohl, Rolf Dieter"]
[Black "Heidenreich, Gundolf"]
[Result "1-0"]
[WhiteElo "1487"]
[BlackElo "1710"]
[PlyCount "87"]
[EventDate "2017.07.13"]
[EventType "swiss"]
[EventRounds "7"]
[EventCountry "GER"]

1. d4 d5 2. Nf3 Bf5 3. Nh4 Bg4 4. Nd2 e6 5. Nhf3 c5 6. c3 Nc6 7. e3 Nf6 8. Bd3
a6 9. a3 b5 10. O-O c4 11. Bc2 a5 12. e4 Be7 13. e5 Nd7 14. Re1 Nb6 15. Nf1 b4
16. axb4 axb4 17. Rxa8 Qxa8 18. Qd2 Bxf3 19. gxf3 bxc3 20. bxc3 Qa2 21. Qe2 Kd7
22. f4 g6 23. Ne3 h5 24. Kh1 Na5 25. f3 Nb3 26. Qf1 Na4 27. Bxb3 Qxb3 28. Bd2
Rb8 29. Nd1 Qc2 30. Qe2 Rb1 31. Kg2 Bd8 32. Ne3 Rxe1 33. Qxe1 Qd3 34. h4 Ba5
35. Nd1 Qc2 36. Kg3 Nb6 37. Ne3 Qa2 38. Kh3 Nc8 39. Kg3 Na7 40. Kh3 Nb5 41. Nd1
Nxd4 42. Qf2 Bxc3 43. Nxc3 Qa7 44. Be3 1-0

[Event "Int.Vellmar 9th op B"]
[Site "Vellmar"]
[Date "2017.07.15"]
[Round "4.51"]
[White "Eurich, Eva"]
[Black "Neumann, Peter Eduard"]
[Result "0-1"]
[WhiteElo "1077"]
[BlackElo "1576"]
[PlyCount "66"]
[EventDate "2017.07.13"]
[EventType "swiss"]
[EventRounds "7"]
[EventCountry "GER"]

1. d4 Nf6 2. Nf3 d6 3. c4 g6 4. Nc3 Bg7 5. Bg5 Nbd7 6. Bxf6 Nxf6 7. e3 O-O 8.
Bd3 Bg4 9. h3 Bd7 10. Ne4 a6 11. Nxf6+ exf6 12. O-O f5 13. Re1 g5 14. Nh2 Qf6
15. Be2 Rae8 16. Bf3 b6 17. b4 Re6 18. Bd5 Re7 19. Qc2 h5 20. Nf3 c6 21. Bxc6
Bxc6 22. d5 Bd7 23. Rad1 h4 24. Qd2 g4 25. Nh2 gxh3 26. g3 Qg6 27. Nf1 Re4 28.
f3 Rxc4 29. e4 fxe4 30. Qf4 hxg3 31. Nxg3 Be5 32. Qh4 exf3 33. Kf2 Rxh4 0-1

[Event "Int.Vellmar 9th op B"]
[Site "Vellmar"]
[Date "2017.07.15"]
[Round "4.54"]
[White "Fromm, Nick"]
[Black "Kanbach, Moritz"]
[Result "1/2-1/2"]
[WhiteElo "1518"]
[BlackElo "1258"]
[PlyCount "50"]
[EventDate "2017.07.13"]
[EventType "swiss"]
[EventRounds "7"]
[EventCountry "GER"]

1. e4 e5 2. Nf3 Nc6 3. Bb5 Bc5 4. O-O d6 5. h3 Bd7 6. c3 Nf6 7. d4 exd4 8. cxd4
Bb6 9. Re1 O-O 10. Bg5 h6 11. Bh4 Nxd4 12. Bxd7 Nxf3+ 13. Qxf3 Qxd7 14. Bxf6
gxf6 15. Qxf6 Qe6 16. Qh4 Bd4 17. Nc3 Qg6 18. Rad1 Be5 19. Rd3 Qg5 20. Qg4 Qxg4
21. hxg4 c6 22. Rh3 Kg7 23. Ree3 Rh8 24. Rh5 Rae8 25. f3 Bd4 1/2-1/2

[Event "Int.Vellmar 9th op B"]
[Site "Vellmar"]
[Date "2017.07.15"]
[Round "5.1"]
[White "Saoud, Mohamad Alhussein"]
[Black "Michels, Holger"]
[Result "1/2-1/2"]
[WhiteElo "1720"]
[BlackElo "1816"]
[PlyCount "76"]
[EventDate "2017.07.13"]
[EventType "swiss"]
[EventRounds "7"]
[EventCountry "GER"]

1. Nf3 Nf6 2. d4 g6 3. c4 c5 4. d5 b5 5. cxb5 a6 6. bxa6 Bxa6 7. Nc3 d6 8. g3
Bg7 9. Bg2 Nbd7 10. O-O O-O 11. Bf4 Qa5 12. Qc2 Rfb8 13. Nd2 Nh5 14. Bg5 Rxb2
15. Qxb2 Bxc3 16. Qc2 Bxa1 17. Rxa1 f6 18. Bh6 Qb4 19. Rb1 Qg4 20. Bf3 Qh3 21.
Be3 Ne5 22. Bg2 Qc8 23. Nf3 Nc4 24. Bc1 Rb8 25. Nh4 Ng7 26. f4 Kf7 27. e4 Rxb1
{Remis Angebot} 28. Qxb1 Qb7 29. Qxb7 Bxb7 30. Bf1 Nb6 31. Bd2 e6 32. Ba5 Na8
33. dxe6+ Kxe6 34. Bc4+ d5 35. exd5+ Bxd5 36. Bxd5+ Kxd5 37. Kf2 Ne8 38. Ke3
Nac7 1/2-1/2